Ducatus leodiensis, or, The topography of the ancient and populous town and parish of Leedes, and parts adjacent in the West-Riding of the county of York (Record no. 114915)

MARC details
000 -LEADER
fixed length control field 01634cam a22002295a 4500
001 - CONTROL NUMBER
control field L157678
008 - FIXED-LENGTH DATA ELEMENTS--GENERAL INFORMATION
fixed length control field 130227s1816 xxk f 000 0 eng d
035 ## - SYSTEM CONTROL NUMBER
System control number (Sirsi) u157678
041 0# - LANGUAGE CODE
Language code of text/sound track or separate title eng
100 1# - MAIN ENTRY--PERSONAL NAME
Personal name Thoresby, Ralph
Dates associated with a name 1658-1725
240 ## - UNIFORM TITLE
Uniform title History of Leeds
245 00 - TITLE STATEMENT
Title Ducatus leodiensis, or, The topography of the ancient and populous town and parish of Leedes, and parts adjacent in the West-Riding of the county of York
Remainder of title with the pedigrees of many of the nobility and gentry, and other matters relating to those parts
Statement of responsibility, etc. extracted from records, original evidences, and manuscripts by Ralph Thoresby ; to which is added, at the request of several learned persons, a catalogue of his museum ..., also a catalogue of manuscripts, the various editions of the Bible, and of books published in the infancy of the art of printing, with an account of some unusual accidents that have attended some persons, attempted after the method of Dr. Plot.
250 ## - EDITION STATEMENT
Edition statement 2nd ed. / with notes and additions by Thomas Dunham Whitaker
260 ## - PUBLICATION, DISTRIBUTION, ETC.
Place of publication, distribution, etc. Leeds
Name of publisher, distributor, etc. printed by B. Dewhirst, for Robinson, son, and Holdsworth
Date of publication, distribution, etc. 1816
300 ## - PHYSICAL DESCRIPTION
Extent xvi, xvii, 261 (i.e. 268), 123, 159, 11 p., [36] leaves of plates
Other physical details ill., ports., geneal. tables
Dimensions 45 cm.
520 ## - SUMMARY, ETC.
Summary, etc. "The 'Ducatus leodiensis' forms vol. I., the 'Loidis and Elmete' [by] T. D. Whitaker, 1816] vol. II. of what is commonly called the 'History of Leeds'"--Boyne. See L157679 for the other volume.
583 ## - ACTION NOTE
Action Condition reviewed
Time/date of action 20120620
Status condition level 4
651 #4 - SUBJECT ADDED ENTRY--GEOGRAPHIC NAME
Geographic name England
Chronological subdivision 886-
690 ## - LOCAL SUBJECT ADDED ENTRY--TOPICAL TERM (OCLC, RLIN)
Topical term or geographic name as entry element Geomatics
9 (RLIN) 6242
700 1# - ADDED ENTRY--PERSONAL NAME
Personal name Whitaker, Thomas Dunham
Dates associated with a name 1759-1821
942 ## - ADDED ENTRY ELEMENTS (KOHA)
Suppress in OPAC 0
Holdings
Withdrawn status Lost status Source of classification or shelving scheme Damaged status Not for loan Home library Current library Shelving location Date acquired Total Checkouts Full call number Barcode Date last seen Copy number Price effective from Koha item type
    Dewey Decimal Classification     Historic collection Historic collection Historic collection 27/02/2013   FOLIO 1816 THORESBY 30078262 06/08/2019 1 06/08/2019 Book